00244 a2200109 450000100060000008200170000610000230002324500220004626000350006830000140010350000170011792057 a891.4393 BEE aBeena Aalia Tawana aThori se bewafaye aLahorebAbdullah Academyc2013 a408p.bHb aGeneral Book